[Event "PRAGUE OPEN 2020 - A - IM open"]
[Site "?"]
[Date "2020.01.10"]
[Round "1"]
[White "Stankovic, Milos"]
[Black "Hajiyev, Kanan"]
[Result "1-0"]
[BlackElo "1996"]
[WhiteElo "2466"]
[LiveChessVersion "1.4.8"]

1. e4 {[%clk 1:30:47]} c6 {[%clk 1:30:55]} 2. d4 {[%clk 1:29:48]} d5
{[%clk 1:31:22]} 3. e5 {[%clk 1:29:39]} Bf5 {[%clk 1:31:19]} 4. c4
{[%clk 1:29:39]} e6 {[%clk 1:29:10]} 5. Nc3 {[%clk 1:29:40]} Nd7 {[%clk 1:19:13]}
6. Nf3 {[%clk 1:29:41]} h6 {[%clk 1:18:30]} 7. h3 {[%clk 1:28:52]} Ne7
{[%clk 1:17:37]} 8. cxd5 {[%clk 1:28:48]} cxd5 {[%clk 1:11:40]} 9. Bd3
{[%clk 1:28:37]} a6 {[%clk 0:53:43]} 10. O-O {[%clk 1:26:44]} Bxd3
{[%clk 0:50:22]} 11. Qxd3 {[%clk 1:26:49]} Nc6 {[%clk 0:50:17]} 12. a3
{[%clk 1:22:33]} Be7 {[%clk 0:48:22]} 13. Ne2 {[%clk 1:21:33]} Qb6
{[%clk 0:45:00]} 14. Nf4 {[%clk 1:17:43]} Qb5 {[%clk 0:39:58]} 15. Qe3
{[%clk 1:17:04]} Na5 {[%clk 0:36:34]} 16. Nh5 {[%clk 1:14:17]} g6
{[%clk 0:36:17]} 17. Nf4 {[%clk 1:07:10]} Qb3 {[%clk 0:36:06]} 18. Qe1
{[%clk 0:57:55]} Nc4 {[%clk 0:35:23]} 19. Qe2 {[%clk 0:58:13]} Rc8
{[%clk 0:34:02]} 20. Rd1 {[%clk 0:50:56]} Ndb6 {[%clk 0:29:56]} 21. Rd3
{[%clk 0:48:26]} Qb5 {[%clk 0:30:08]} 22. a4 {[%clk 0:45:11]} Qd7
{[%clk 0:27:02]} 23. Qe1 {[%clk 0:43:05]} g5 {[%clk 0:12:55]} 24. Nh5
{[%clk 0:41:46]} Na8 {[%clk 0:11:18]} 25. b3 {[%clk 0:39:39]} Ncb6
{[%clk 0:11:37]} 26. Nh2 {[%clk 0:32:06]} Qc6 {[%clk 0:06:11]} 27. Bd2
{[%clk 0:30:39]} Qc2 {[%clk 0:02:21]} 28. Qe3 {[%clk 0:30:29]} Qb2
{[%clk 0:02:20]} 29. Rf1 {[%clk 0:30:21]} Rc7 {[%clk 0:00:58]} 30. Ng4
{[%clk 0:29:12]} Kd8 {[%clk 0:00:57]} 31. Qf3 {[%clk 0:25:04]} Nd7
{[%clk 0:00:35]} 32. Qxf7 {[%clk 0:21:16]} Qc2 {[%clk 0:00:47]} 33. Qf3
{[%clk 0:21:32]} Kc8 {[%clk 0:00:32]} 34. Qe2 {[%clk 0:15:59]} Qb2
{[%clk 0:00:37]} 35. Ne3 {[%clk 0:15:47]} Kb8 {[%clk 0:00:37]} 36. Qg4 Qa2
{[%clk 0:00:32]} 37. Qxe6 {[%clk 0:14:24]} 1-0

[Event "PRAGUE OPEN 2020 - A - IM open"]
[Site "?"]
[Date "2020.01.10"]
[Round "1"]
[White "Mindl, Josef"]
[Black "Cernousek, Lukas"]
[Result "0-1"]
[BlackElo "2447"]
[WhiteElo "1990"]
[LiveChessVersion "1.4.8"]

1. e4 {[%clk 1:30:58]} c5 {[%clk 1:28:48]} 2. Nf3 {[%clk 1:31:08]} d6
{[%clk 1:29:12]} 3. d4 {[%clk 1:30:41]} Nf6 {[%clk 1:29:36]} 4. Nc3
{[%clk 1:29:51]} cxd4 {[%clk 1:30:01]} 5. Nxd4 {[%clk 1:28:54]} a6
{[%clk 1:30:25]} 6. h3 {[%clk 1:27:08]} e5 {[%clk 1:26:58]} 7. Nde2
{[%clk 1:25:05]} h5 {[%clk 1:27:20]} 8. Bg5 {[%clk 1:19:13]} Be6 {[%clk 1:27:19]}
9. Qd2 {[%clk 1:12:29]} Nbd7 {[%clk 1:19:51]} 10. g3 {[%clk 1:04:38]} Be7
{[%clk 1:03:51]} 11. Bg2 {[%clk 1:00:26]} b5 {[%clk 1:04:15]} 12. a3
{[%clk 0:59:15]} Rb8 {[%clk 0:54:25]} 13. O-O {[%clk 0:56:48]} a5
{[%clk 0:54:51]} 14. Bxf6 {[%clk 0:43:50]} Nxf6 {[%clk 0:54:49]} 15. Nd5
{[%clk 0:42:33]} Nxd5 {[%clk 0:52:14]} 16. exd5 {[%clk 0:42:46]} Bd7
{[%clk 0:51:12]} 17. f4 {[%clk 0:36:01]} f5 {[%clk 0:50:39]} 18. fxe5
{[%clk 0:32:33]} dxe5 {[%clk 0:51:07]} 19. d6 {[%clk 0:26:46]} Qb6+
{[%clk 0:43:15]} 20. Kh1 {[%clk 0:26:25]} Qxd6 {[%clk 0:27:26]} 21. Qxd6
{[%clk 0:20:35]} Bxd6 {[%clk 0:27:45]} 22. Rad1 {[%clk 0:20:34]} Rh6
{[%clk 0:25:38]} 23. Rd2 {[%clk 0:18:24]} Bc7 {[%clk 0:15:52]} 24. Rfd1
{[%clk 0:16:13]} Rd8 {[%clk 0:15:41]} 25. Bd5 {[%clk 0:13:32]} Rd6
{[%clk 0:14:15]} 26. Bf7+ {[%clk 0:07:05]} Ke7 {[%clk 0:12:20]} 27. Rxd6
{[%clk 0:05:18]} Bxd6 {[%clk 0:12:44]} 28. Bd5 {[%clk 0:02:57]} Bc5
{[%clk 0:11:22]} 29. Bg2 {[%clk 0:02:00]} Be6 {[%clk 0:07:35]} 30. Rxd8 Kxd8
{[%clk 0:08:04]} 31. Bc6 {[%clk 0:01:45]} b4 {[%clk 0:08:20]} 32. axb4
{[%clk 0:01:37]} axb4 {[%clk 0:08:46]} 33. Kg2 {[%clk 0:01:37]} g5
{[%clk 0:08:23]} 34. Nc1 {[%clk 0:01:33]} Bd6 {[%clk 0:06:12]} 35. Ne2
{[%clk 0:01:26]} Ke7 {[%clk 0:05:30]} 36. Nc1 {[%clk 0:01:34]} Kf6
{[%clk 0:05:03]} 37. Ne2 {[%clk 0:01:39]} Bc4 {[%clk 0:04:03]} 38. Nc1
{[%clk 0:01:11]} Ke6 {[%clk 0:03:59]} 39. Nd3 {[%clk 0:00:53]} Bd5+
{[%clk 0:03:39]} 40. Bxd5+ {[%clk 0:01:07]} Kxd5 {[%clk 0:04:07]} 41. Kf2
{[%clk 0:00:37]} e4 {[%clk 0:02:58]} 42. Nc1 {[%clk 0:29:50]} Bc5+
{[%clk 0:33:14]} 43. Ke2 {[%clk 0:28:33]} f4 {[%clk 0:33:39]} 44. gxf4
{[%clk 0:28:31]} gxf4 {[%clk 0:34:07]} 45. Nb3 {[%clk 0:28:18]} f3+
{[%clk 0:34:06]} 46. Ke1 {[%clk 0:28:22]} e3 {[%clk 0:34:00]} 47. Nc1
{[%clk 0:27:48]} Bd6 {[%clk 0:34:01]} 0-1

[Event "PRAGUE OPEN 2020 - A - IM open"]
[Site "?"]
[Date "2020.01.10"]
[Round "1"]
[White "Nemec, Jachym"]
[Black "Budnikov, Oleg"]
[Result "0-1"]
[BlackElo "2432"]
[WhiteElo "1988"]
[LiveChessVersion "1.4.8"]

1. e4 {[%clk 1:30:58]} g6 {[%clk 1:23:22]} 2. d4 {[%clk 1:31:01]} Bg7
{[%clk 1:23:45]} 3. Nf3 {[%clk 1:31:11]} d6 {[%clk 1:23:24]} 4. Nc3
{[%clk 1:31:31]} a6 {[%clk 1:23:47]} 5. Bc4 {[%clk 1:30:20]} e6 {[%clk 1:23:42]}
6. O-O {[%clk 1:30:31]} b6 {[%clk 1:24:03]} 7. Re1 {[%clk 1:18:38]} Nd7
{[%clk 1:23:02]} 8. e5 {[%clk 1:06:47]} Ne7 {[%clk 1:23:29]} 9. exd6
{[%clk 1:02:06]} cxd6 {[%clk 1:23:51]} 10. Ng5 {[%clk 1:02:12]} Nf6
{[%clk 1:23:22]} 11. Qf3 {[%clk 0:40:17]} d5 {[%clk 1:23:24]} 12. Bd3
{[%clk 0:38:51]} O-O {[%clk 1:23:41]} 13. Ne2 {[%clk 0:34:02]} Nc6
{[%clk 1:23:01]} 14. Bf4 {[%clk 0:30:52]} Nh5 {[%clk 1:22:44]} 15. Be3
{[%clk 0:17:45]} h6 {[%clk 1:20:54]} 16. g4 {[%clk 0:15:48]} Nf6 {[%clk 1:21:09]}
17. Nh3 {[%clk 0:16:14]} e5 {[%clk 1:21:20]} 18. dxe5 {[%clk 0:15:42]} Nxg4
{[%clk 1:20:18]} 19. Nhf4 {[%clk 0:15:38]} Ncxe5 {[%clk 1:19:44]} 20. Qg2
{[%clk 0:15:40]} Nxe3 {[%clk 1:18:47]} 21. fxe3 {[%clk 0:16:02]} Ng4
{[%clk 1:18:29]} 22. Ng3 {[%clk 0:15:38]} Bxb2 {[%clk 1:17:46]} 23. Rad1
{[%clk 0:15:52]} Bc3 {[%clk 1:17:30]} 24. Re2 {[%clk 0:16:16]} Nf6
{[%clk 1:17:11]} 25. Nf5 {[%clk 0:15:35]} Bxf5 {[%clk 1:16:25]} 26. Bxf5
{[%clk 0:16:01]} Kh8 {[%clk 1:16:20]} 27. Bd3 {[%clk 0:12:28]} Be5
{[%clk 1:15:51]} 28. Qh3 {[%clk 0:12:31]} Bxf4 {[%clk 1:16:15]} 29. exf4
{[%clk 0:13:00]} Kg7 {[%clk 1:14:42]} 30. Rg2 {[%clk 0:12:46]} Qd6
{[%clk 1:14:54]} 31. Qh4 {[%clk 0:12:53]} Ne4 {[%clk 1:13:34]} 32. f5
{[%clk 0:11:47]} Ng5 {[%clk 1:13:30]} 33. Rf1 {[%clk 0:11:55]} Qe5
{[%clk 1:10:35]} 34. f6+ {[%clk 0:09:37]} Kh7 {[%clk 1:10:55]} 35. Rf4
{[%clk 0:07:26]} Qxf4 {[%clk 1:11:12]} 0-1

[Event "PRAGUE OPEN 2020 - A - IM open"]
[Site "?"]
[Date "2020.01.10"]
[Round "1"]
[White "Low, Zhen Yu Cyrus"]
[Black "Grichkevitch, Gilles"]
[Result "1-0"]
[BlackElo "1985"]
[WhiteElo "2415"]
[LiveChessVersion "1.4.8"]

1. e4 {[%clk 1:30:57]} c5 {[%clk 1:30:54]} 2. Nf3 {[%clk 1:31:21]} e6
{[%clk 1:31:17]} 3. d4 {[%clk 1:31:46]} cxd4 {[%clk 1:31:42]} 4. Nxd4
{[%clk 1:32:12]} Nc6 {[%clk 1:32:04]} 5. Nc3 {[%clk 1:32:35]} Nf6
{[%clk 1:32:27]} 6. Nxc6 {[%clk 1:32:57]} bxc6 {[%clk 1:32:50]} 7. e5
{[%clk 1:33:22]} Nd5 {[%clk 1:33:12]} 8. Ne4 {[%clk 1:33:46]} Qc7
{[%clk 1:33:29]} 9. f4 {[%clk 1:34:10]} f5 {[%clk 1:31:08]} 10. exf6
{[%clk 1:31:23]} gxf6 {[%clk 1:31:21]} 11. Bd3 {[%clk 1:28:22]} Nxf4
{[%clk 1:22:36]} 12. O-O {[%clk 1:25:51]} Qb6+ {[%clk 1:20:03]} 13. Kh1
{[%clk 1:25:17]} Nxd3 {[%clk 1:20:20]} 14. Nxf6+ {[%clk 1:25:39]} Kd8
{[%clk 1:19:16]} 15. Qxd3 {[%clk 1:23:54]} Be7 {[%clk 1:17:41]} 16. Bg5
{[%clk 1:19:14]} Qb5 {[%clk 1:08:57]} 17. Qe3 {[%clk 1:12:36]} Rb8
{[%clk 0:59:30]} 18. Rad1 {[%clk 1:08:12]} a5 {[%clk 0:56:47]} 19. Nxd7
{[%clk 1:06:15]} Bxd7 {[%clk 0:56:47]} 20. Qd4 {[%clk 1:06:37]} c5
{[%clk 0:52:01]} 21. Qxh8+ {[%clk 1:06:47]} Kc7 {[%clk 0:52:09]} 1-0

[Event "PRAGUE OPEN 2020 - A - IM open"]
[Site "?"]
[Date "2020.01.10"]
[Round "1"]
[White "Turkova, Karolina"]
[Black "Lalic, Bogdan"]
[Result "0-1"]
[BlackElo "2402"]
[WhiteElo "1981"]
[LiveChessVersion "1.4.8"]

1. e4 {[%clk 1:30:57]} c5 {[%clk 1:19:33]} 2. Nf3 {[%clk 1:30:27]} g6
{[%clk 1:19:52]} 3. c4 Nc6 4. d4 {[%clk 1:28:46]} cxd4 {[%clk 1:20:22]} 5. Nxd4
{[%clk 1:28:29]} Nf6 {[%clk 1:20:37]} 6. Nc3 {[%clk 1:27:52]} Nxd4
{[%clk 1:20:56]} 7. Qxd4 {[%clk 1:27:10]} d6 {[%clk 1:21:18]} 8. Bg5
{[%clk 1:21:44]} Bg7 {[%clk 1:21:38]} 9. Be2 {[%clk 1:18:05]} O-O
{[%clk 1:21:55]} 10. O-O {[%clk 1:13:03]} Be6 {[%clk 1:21:13]} 11. Qe3
{[%clk 0:59:21]} Qb6 {[%clk 1:20:56]} 12. Rab1 {[%clk 0:53:54]} Qxe3
{[%clk 1:17:06]} 13. Bxe3 {[%clk 0:52:57]} Rfc8 {[%clk 1:15:05]} 14. Nd5
{[%clk 0:45:39]} Bxd5 {[%clk 1:11:10]} 15. exd5 {[%clk 0:45:20]} b5
{[%clk 1:11:32]} 16. Rfc1 {[%clk 0:35:49]} bxc4 {[%clk 1:10:22]} 17. Bxc4
{[%clk 0:33:33]} Ng4 {[%clk 1:03:27]} 18. Bg5 {[%clk 0:31:05]} Bd4
{[%clk 0:59:49]} 19. Bh4 {[%clk 0:28:07]} g5 {[%clk 0:57:00]} 20. Bxg5
{[%clk 0:25:28]} Bxf2+ {[%clk 0:57:23]} 21. Kh1 {[%clk 0:24:08]} Be3
{[%clk 0:56:33]} 22. Bxe3 {[%clk 0:23:05]} Nxe3 {[%clk 0:56:57]} 23. b3
{[%clk 0:18:31]} Rab8 {[%clk 0:56:17]} 24. Kg1 {[%clk 0:09:39]} Kg7
{[%clk 0:53:33]} 25. Kf2 {[%clk 0:05:54]} Nxc4 {[%clk 0:53:55]} 26. bxc4
{[%clk 0:06:20]} Rxb1 {[%clk 0:54:09]} 27. Rxb1 {[%clk 0:06:47]} Rxc4
{[%clk 0:54:27]} 28. Rb7 {[%clk 0:04:29]} Kf6 {[%clk 0:54:47]} 29. Rxa7
{[%clk 0:03:48]} Rc5 {[%clk 0:55:12]} 30. a4 {[%clk 0:02:49]} Rxd5
{[%clk 0:55:36]} 31. a5 {[%clk 0:01:43]} Rd2+ {[%clk 0:54:22]} 32. Kf3
{[%clk 0:01:44]} Ra2 {[%clk 0:53:21]} 33. a6 {[%clk 0:01:02]} e5 {[%clk 0:50:37]}
34. Ra8 {[%clk 0:00:45]} d5 {[%clk 0:44:23]} 35. a7 {[%clk 0:00:39]} Ra3+
{[%clk 0:44:22]} 36. Ke2 {[%clk 0:00:35]} Kf5 {[%clk 0:44:04]} 37. Kf2
{[%clk 0:00:32]} Ke4 {[%clk 0:44:03]} 38. h3 {[%clk 0:30:30]} f5 {[%clk 1:13:07]}
39. h4 {[%clk 0:30:47]} f4 {[%clk 1:10:13]} 40. h5 {[%clk 0:31:16]} h6
{[%clk 1:10:13]} 41. Ke2 {[%clk 0:25:55]} Ra2+ {[%clk 1:08:20]} 42. Kd1
{[%clk 0:24:02]} d4 {[%clk 1:08:14]} 43. Kc1 {[%clk 0:24:06]} d3 {[%clk 1:08:02]}
44. Kb1 {[%clk 0:23:57]} d2 {[%clk 1:05:16]} 45. Rd8 {[%clk 0:22:49]} Rxa7
{[%clk 1:05:40]} 46. Rxd2 {[%clk 0:23:14]} Rg7 {[%clk 1:05:58]} 47. Rd6
{[%clk 0:20:51]} Rxg2 {[%clk 1:04:54]} 48. Rxh6 {[%clk 0:21:16]} f3
{[%clk 1:04:55]} 0-1

[Event "PRAGUE OPEN 2020 - A - IM open"]
[Site "?"]
[Date "2020.01.10"]
[Round "1"]
[White "Quesada Vera, Liordis"]
[Black "Plasil, Petr"]
[Result "1-0"]
[BlackElo "1978"]
[WhiteElo "2386"]
[LiveChessVersion "1.4.8"]

1. Nf3 {[%clk 1:30:53]} Nf6 {[%clk 1:30:56]} 2. g3 {[%clk 1:31:13]} g6
{[%clk 1:31:23]} 3. b3 {[%clk 1:31:36]} Bg7 {[%clk 1:31:41]} 4. Bb2
{[%clk 1:32:01]} O-O {[%clk 1:32:02]} 5. Bg2 {[%clk 1:32:25]} d5 {[%clk 1:29:48]}
6. c4 {[%clk 1:32:13]} c6 {[%clk 1:27:58]} 7. O-O {[%clk 1:32:29]} Bf5
{[%clk 1:26:56]} 8. d3 {[%clk 1:32:29]} Qd7 {[%clk 1:18:44]} 9. Re1
{[%clk 1:23:11]} Bh3 {[%clk 1:12:20]} 10. Bh1 {[%clk 1:22:44]} Re8
{[%clk 1:07:36]} 11. Qd2 {[%clk 1:14:42]} Qf5 {[%clk 1:03:14]} 12. Nc3
{[%clk 0:49:05]} e5 {[%clk 0:52:52]} 13. cxd5 {[%clk 0:46:13]} cxd5
{[%clk 0:52:44]} 14. Nxd5 {[%clk 0:43:47]} Qd7 {[%clk 0:42:49]} 15. Nxf6+
{[%clk 0:40:05]} Bxf6 {[%clk 0:43:17]} 16. Ng5 {[%clk 0:40:20]} Bf5
{[%clk 0:41:42]} 17. Rac1 {[%clk 0:40:24]} Nc6 {[%clk 0:40:58]} 18. Ne4
{[%clk 0:40:38]} Bxe4 {[%clk 0:38:00]} 19. Bxe4 {[%clk 0:41:00]} Rac8
{[%clk 0:34:22]} 20. Rc4 {[%clk 0:38:27]} Nd4 {[%clk 0:29:25]} 21. Rec1
{[%clk 0:26:18]} b5 {[%clk 0:25:41]} 22. Rxc8 {[%clk 0:23:24]} Rxc8
{[%clk 0:26:09]} 23. Rxc8+ {[%clk 0:23:42]} Qxc8 {[%clk 0:26:37]} 24. e3
{[%clk 0:24:01]} Nf5 {[%clk 0:18:03]} 25. Qc3 {[%clk 0:20:00]} Qxc3
{[%clk 0:11:10]} 26. Bxc3 {[%clk 0:20:23]} Bg7 {[%clk 0:11:06]} 27. Bb4
{[%clk 0:16:23]} Bf6 {[%clk 0:06:16]} 28. Bc6 {[%clk 0:15:49]} Ne7
{[%clk 0:06:38]} 29. Bxb5 {[%clk 0:15:21]} Nd5 {[%clk 0:07:02]} 30. Be1
{[%clk 0:13:25]} Kf8 {[%clk 0:06:06]} 31. Bc6 {[%clk 0:12:15]} Ne7
{[%clk 0:05:28]} 32. Bb4 {[%clk 0:12:34]} Kg8 {[%clk 0:04:56]} 33. Bb7
{[%clk 0:12:55]} 1-0

[Event "PRAGUE OPEN 2020 - A - IM open"]
[Site "?"]
[Date "2020.01.10"]
[Round "1"]
[White "Wikar, Martyna"]
[Black "Kozak, Antoni"]
[Result "0-1"]
[BlackElo "2380"]
[WhiteElo "1978"]
[LiveChessVersion "1.4.8"]

1. Nf3 {[%clk 1:30:50]} g6 {[%clk 1:26:47]} 2. g3 {[%clk 1:31:10]} Bg7
{[%clk 1:27:12]} 3. Bg2 {[%clk 1:31:31]} f5 {[%clk 1:27:37]} 4. d4
{[%clk 1:29:50]} Nf6 {[%clk 1:28:02]} 5. c4 {[%clk 1:28:14]} O-O {[%clk 1:28:24]}
6. O-O {[%clk 1:27:09]} d6 {[%clk 1:28:51]} 7. Nc3 {[%clk 1:25:20]} c6
{[%clk 1:29:15]} 8. Qc2 {[%clk 1:22:08]} Na6 {[%clk 1:10:53]} 9. Bd2
{[%clk 1:14:33]} Nh5 {[%clk 0:59:42]} 10. d5 {[%clk 1:04:06]} Nb4
{[%clk 0:48:08]} 11. Qa4 {[%clk 1:01:09]} c5 {[%clk 0:45:07]} 12. a3
{[%clk 0:58:38]} Na6 {[%clk 0:45:33]} 13. Rfe1 {[%clk 0:53:54]} f4
{[%clk 0:44:35]} 14. Ne4 {[%clk 0:47:57]} Bxb2 {[%clk 0:43:05]} 15. Rab1
{[%clk 0:43:18]} Bg7 {[%clk 0:43:30]} 16. Neg5 {[%clk 0:37:41]} Nc7
{[%clk 0:43:05]} 17. Ne6 {[%clk 0:32:43]} Nxe6 {[%clk 0:39:48]} 18. dxe6
{[%clk 0:33:06]} Qe8 {[%clk 0:39:42]} 19. Qb3 {[%clk 0:17:22]} Rb8
{[%clk 0:35:03]} 20. g4 {[%clk 0:13:22]} Nf6 {[%clk 0:35:09]} 21. Bxf4
{[%clk 0:12:52]} Bxe6 {[%clk 0:29:35]} 22. h3 {[%clk 0:09:30]} b5
{[%clk 0:29:56]} 23. Nd2 {[%clk 0:06:59]} bxc4 {[%clk 0:29:44]} 24. Qe3
{[%clk 0:07:21]} Qf7 {[%clk 0:29:24]} 25. Bg5 {[%clk 0:05:57]} Nd5
{[%clk 0:24:35]} 26. Qg3 {[%clk 0:03:45]} h6 {[%clk 0:24:14]} 27. Be3
{[%clk 0:03:14]} Nxe3 {[%clk 0:24:33]} 28. fxe3 {[%clk 0:03:22]} Be5
{[%clk 0:21:42]} 29. Qh4 {[%clk 0:03:14]} Qg7 {[%clk 0:21:31]} 30. Ne4
{[%clk 0:02:15]} g5 {[%clk 0:21:36]} 0-1

[Event "PRAGUE OPEN 2020 - A - IM open"]
[Site "?"]
[Date "2020.01.10"]
[Round "1"]
[White "Neuman, Petr"]
[Black "Ortoft, Kai"]
[Result "1-0"]
[BlackElo "1963"]
[WhiteElo "2371"]
[LiveChessVersion "1.4.8"]

1. d4 {[%clk 1:30:57]} Nf6 {[%clk 1:30:42]} 2. c4 {[%clk 1:31:23]} e6
{[%clk 1:31:04]} 3. Nc3 {[%clk 1:31:40]} d5 {[%clk 1:31:18]} 4. cxd5
{[%clk 1:31:55]} exd5 {[%clk 1:31:42]} 5. Bg5 {[%clk 1:32:20]} c6
{[%clk 1:31:28]} 6. Qc2 {[%clk 1:32:42]} Be7 {[%clk 1:30:04]} 7. e3
{[%clk 1:33:07]} O-O {[%clk 1:29:56]} 8. Bd3 {[%clk 1:33:33]} Nbd7
{[%clk 1:29:54]} 9. Nge2 {[%clk 1:33:57]} Re8 {[%clk 1:29:46]} 10. O-O
{[%clk 1:34:19]} Nf8 {[%clk 1:29:31]} 11. f3 {[%clk 1:34:32]} Ng6
{[%clk 1:27:47]} 12. Rad1 {[%clk 1:33:53]} Nd7 {[%clk 1:24:47]} 13. Bxe7
{[%clk 1:34:09]} Qxe7 {[%clk 1:25:05]} 14. e4 {[%clk 1:34:32]} dxe4
{[%clk 1:22:34]} 15. fxe4 {[%clk 1:31:23]} Nf6 {[%clk 1:22:13]} 16. e5
{[%clk 1:27:43]} Nd5 {[%clk 1:22:17]} 17. Nxd5 {[%clk 1:24:25]} cxd5
{[%clk 1:22:41]} 18. Ng3 {[%clk 1:20:43]} Be6 {[%clk 1:20:58]} 19. Nf5
{[%clk 1:20:39]} Bxf5 {[%clk 1:14:18]} 20. Bxf5 {[%clk 1:18:07]} Nf8
{[%clk 1:14:04]} 21. Rf3 {[%clk 1:09:40]} g6 {[%clk 1:10:12]} 22. Bh3
{[%clk 0:59:41]} Ne6 {[%clk 1:09:49]} 23. Bxe6 {[%clk 0:58:07]} fxe6
{[%clk 1:06:35]} 24. Rdf1 {[%clk 0:53:06]} Rf8 {[%clk 1:04:57]} 25. Rf6
{[%clk 0:53:13]} Rxf6 {[%clk 1:01:43]} 26. exf6 {[%clk 0:53:39]} Qd6
{[%clk 1:01:04]} 27. f7+ {[%clk 0:48:01]} Kg7 {[%clk 1:01:01]} 28. Qf2
{[%clk 0:48:24]} Qe7 {[%clk 1:01:03]} 29. Qf4 {[%clk 0:48:41]} 1-0

[Event "PRAGUE OPEN 2020 - A - IM open"]
[Site "?"]
[Date "2020.01.10"]
[Round "1"]
[White "Eliseev, Sergey"]
[Black "Peng, Hongchi"]
[Result "0-1"]
[BlackElo "2362"]
[WhiteElo "1959"]
[LiveChessVersion "1.4.8"]

1. e4 {[%clk 1:30:58]} c5 {[%clk 1:30:49]} 2. Nf3 {[%clk 1:31:18]} d6
{[%clk 1:31:12]} 3. d4 {[%clk 1:31:16]} cxd4 {[%clk 1:31:30]} 4. Qxd4
{[%clk 1:31:21]} Nf6 {[%clk 1:31:05]} 5. Nc3 {[%clk 1:30:20]} Bd7
{[%clk 1:30:32]} 6. Bg5 {[%clk 1:21:31]} Nc6 {[%clk 1:29:35]} 7. Qd2
{[%clk 1:17:35]} h6 {[%clk 1:25:05]} 8. Bh4 {[%clk 1:11:59]} g5 {[%clk 1:19:33]}
9. Bg3 {[%clk 1:11:33]} g4 {[%clk 1:15:31]} 10. Nd4 {[%clk 0:33:27]} h5
{[%clk 1:15:26]} 11. f4 {[%clk 0:25:49]} Bh6 {[%clk 1:08:40]} 12. Nf5
{[%clk 0:19:36]} Nxe4 {[%clk 1:07:09]} 13. Nxe4 {[%clk 0:08:11]} Bxf5
{[%clk 1:07:02]} 14. Bd3 {[%clk 0:08:33]} Qd7 {[%clk 1:01:39]} 15. Qe2
{[%clk 0:02:46]} O-O-O {[%clk 1:01:39]} 16. Rd1 {[%clk 0:00:50]} Bg7
{[%clk 1:00:04]} 17. O-O {[%clk 0:00:34]} h4 {[%clk 1:00:15]} 18. Bf2
{[%clk 0:00:42]} g3 {[%clk 0:59:41]} 19. hxg3 {[%clk 0:00:43]} Bg4
{[%clk 0:59:42]} 20. Qd2 {[%clk 0:00:31]} Bxd1 {[%clk 1:00:03]} 21. Rxd1
{[%clk 0:00:58]} hxg3 {[%clk 0:59:58]} 22. Nxg3 {[%clk 0:00:45]} Kb8
{[%clk 0:59:49]} 23. Nf5 {[%clk 0:00:37]} Bf6 {[%clk 0:59:57]} 24. Qe3
{[%clk 0:00:32]} e6 {[%clk 0:59:53]} 0-1

[Event "PRAGUE OPEN 2020 - A - IM open"]
[Site "?"]
[Date "2020.01.10"]
[Round "1"]
[White "Malovanyi, Yulian"]
[Black "Thorsteinsdottir, Gudlaug"]
[Result "1/2-1/2"]
[BlackElo "1958"]
[WhiteElo "2360"]
[LiveChessVersion "1.4.8"]

1. e4 {[%clk 1:30:52]} e5 {[%clk 1:30:49]} 2. Bc4 {[%clk 1:31:13]} Nf6
{[%clk 1:31:00]} 3. d3 {[%clk 1:31:38]} Nc6 {[%clk 1:28:28]} 4. Nc3
{[%clk 1:32:02]} d6 {[%clk 1:17:10]} 5. f4 {[%clk 1:30:43]} exf4 {[%clk 1:15:58]}
6. Bxf4 {[%clk 1:30:56]} Na5 {[%clk 1:09:33]} 7. Bb3 {[%clk 1:29:33]} Nxb3
{[%clk 1:09:50]} 8. axb3 {[%clk 1:30:01]} Be7 {[%clk 1:09:52]} 9. Nf3
{[%clk 1:30:20]} O-O {[%clk 1:07:03]} 10. O-O {[%clk 1:30:35]} c6
{[%clk 1:06:16]} 11. h3 {[%clk 1:29:25]} Be6 {[%clk 0:55:33]} 12. Qd2
{[%clk 1:27:00]} d5 {[%clk 0:44:56]} 13. e5 {[%clk 1:25:48]} Nd7 {[%clk 0:45:10]}
14. d4 {[%clk 1:25:01]} f6 {[%clk 0:44:29]} 15. Rae1 {[%clk 1:24:10]} fxe5
{[%clk 0:43:04]} 16. Nxe5 {[%clk 1:22:47]} Nxe5 {[%clk 0:42:36]} 17. Bxe5
{[%clk 1:22:07]} Bf5 {[%clk 0:39:05]} 18. Rf3 {[%clk 1:21:05]} Bg5
{[%clk 0:37:35]} 19. Qe2 {[%clk 1:18:22]} Bg6 {[%clk 0:37:46]} 20. Rxf8+
{[%clk 1:03:30]} Qxf8 {[%clk 0:37:42]} 21. Rf1 {[%clk 1:03:41]} Qe7
{[%clk 0:37:32]} 22. Nd1 {[%clk 1:02:58]} Rf8 {[%clk 0:35:29]} 23. Rxf8+
{[%clk 0:50:56]} Qxf8 {[%clk 0:35:51]} 24. c4 {[%clk 0:50:51]} h5
{[%clk 0:20:15]} 25. cxd5 {[%clk 0:48:22]} cxd5 {[%clk 0:20:41]} 26. Nc3
{[%clk 0:48:41]} Qf7 {[%clk 0:20:41]} 27. Nb5 {[%clk 0:45:08]} b6
{[%clk 0:18:35]} 28. Nd6 {[%clk 0:42:42]} Qf8 {[%clk 0:18:56]} 29. Kh1
{[%clk 0:40:23]} Kh7 {[%clk 0:17:27]} 30. Nb5 {[%clk 0:35:47]} Qf7
{[%clk 0:16:58]} 31. Nc3 {[%clk 0:34:30]} Kh6 {[%clk 0:16:49]} 32. b4
{[%clk 0:33:41]} h4 {[%clk 0:13:02]} 33. Bh2 {[%clk 0:23:07]} Bh5
{[%clk 0:11:19]} 34. Qe5 {[%clk 0:21:08]} Qf1+ {[%clk 0:10:39]} 35. Bg1
{[%clk 0:21:33]} Bf3 {[%clk 0:09:12]} 36. Qh2 {[%clk 0:17:38]} Be4
{[%clk 0:08:55]} 37. Qd6+ {[%clk 0:15:34]} g6 {[%clk 0:05:15]} 38. Nxe4
{[%clk 0:15:48]} dxe4 {[%clk 0:04:43]} 39. Qe5 {[%clk 0:15:46]} Be3
{[%clk 0:02:54]} 40. Qh8+ {[%clk 0:15:49]} Kg5 {[%clk 0:03:20]} 1/2-1/2

[Event "PRAGUE OPEN 2020 - A - IM open"]
[Site "?"]
[Date "2020.01.10"]
[Round "1"]
[White "Kolchin, Maxim"]
[Black "Mis, Mieszko"]
[Result "0-1"]
[BlackElo "2349"]
[WhiteElo "1956"]
[LiveChessVersion "1.4.8"]

1. d4 {[%clk 1:30:59]} Nf6 {[%clk 1:30:33]} 2. Nf3 {[%clk 1:31:21]} g6
{[%clk 1:30:27]} 3. Bg5 {[%clk 1:31:23]} Bg7 {[%clk 1:30:46]} 4. c3
{[%clk 1:31:38]} O-O {[%clk 1:30:39]} 5. Nbd2 {[%clk 1:32:01]} d6
{[%clk 1:30:41]} 6. e4 {[%clk 1:31:08]} Nc6 {[%clk 1:26:04]} 7. Bd3
{[%clk 1:26:29]} e5 {[%clk 1:26:15]} 8. d5 {[%clk 1:26:52]} Ne7 {[%clk 1:25:37]}
9. h3 {[%clk 1:27:11]} Nh5 {[%clk 1:20:55]} 10. g4 {[%clk 1:15:23]} Nf4
{[%clk 1:20:27]} 11. Bxf4 {[%clk 1:15:40]} exf4 {[%clk 1:20:54]} 12. Qb3
{[%clk 1:15:30]} c6 {[%clk 1:15:56]} 13. O-O-O {[%clk 1:15:14]} b5
{[%clk 1:14:48]} 14. dxc6 {[%clk 1:10:54]} a6 {[%clk 1:14:47]} 15. Nd4
{[%clk 1:07:08]} Qb6 {[%clk 1:11:47]} 16. Ne2 {[%clk 1:03:27]} Be6
{[%clk 1:09:32]} 17. Qa3 {[%clk 1:02:29]} Nxc6 {[%clk 1:08:27]} 18. Nxf4
{[%clk 1:02:12]} b4 {[%clk 1:05:57]} 19. cxb4 {[%clk 1:02:32]} Nxb4
{[%clk 1:05:00]} 20. b3 {[%clk 1:01:50]} Qd4 {[%clk 1:03:57]} 0-1